all beabadoobee songs - Statistics

General Stats
  • This quiz has been taken 15 times
  • The average score is 47 of 86
Answer Stats
Answer % Correct
Glue Song
100%
Beaches
91%
Glue Song (feat. Clario)
91%
Sunny day
91%
the perfect pair
91%
10:36
82%
Apple Cider
82%
California
82%
Care
82%
Coffee
82%
Coming Home
82%
Ripples
82%
Take A Bite
82%
the way things go
82%
Don't get the deal
73%
Dye It Red
73%
Ever Seen
73%
If You Want To
73%
Last Day On Earth
73%
Lovesong
73%
Real Man
73%
Space Cadet
73%
Talk
73%
tinkerbell is overrated feat. PinkPantheress
73%
A Cruel Affair
64%
Animal Noises
64%
Back To Mars
64%
Beatopia Cultsong
64%
broken cd
64%
Cologne
64%
Everest
64%
She Plays Bass
64%
This Is How It Went
64%
Tie My Shoes
64%
Worth It
64%
You're here that's the thing
64%
Bobby
55%
Charlie Brown
55%
death bed (coffee for your head)
55%
fairy song
55%
Girl Song
55%
He Gets Me So High
55%
Horen Sarrison
55%
One Time
55%
Post
55%
See you Soon
55%
Soren
55%
Sorry
55%
The Man Who Left Too Soon
55%
The Moon Song
55%
Tired
55%
1999
45%
Angel
45%
Angry Song
45%
Art Class
45%
Eighteen
45%
Emo Song
45%
Pictures of Us
45%
Susie May
45%
Together
45%
Winter Wonderland
45%
A Night To Remember
36%
Ceilings
36%
Dance With Me
36%
Everything I Want
36%
fall in love with a girl (feat. Beabadoobee)
36%
Home Alone
36%
How Was Your Day?
36%
iScream
36%
I Wish I Was Steven Malkmus
36%
Sun More Often
36%
Yoshimi, Forest, Magdalene
36%
You Lie All The Time
36%
Are You Sure
27%
Between the Bars
27%
CYBERKISS 2 U*
27%
Disappear
27%
Further Away
27%
It's Only A Paper Moon
27%
The Way I Spoke
27%
Silver Into Rain
18%
Spacing Out
18%
Sway
18%
Don't You (Forget About Me)
9%
Fear Of Flying (feat. Amine & beabadoobee)
9%
Hurry Home (with beabadoobee)
9%
No matching quizzes found
Score Distribution
Percent of People with Each Score
Percentile by Number Answered
Your Score History
You have not taken this quiz